| 000 | 00797nam a2200253Ia 4500 | ||
|---|---|---|---|
| 005 | 20250305162052.0 | ||
| 008 | 210716s2011 xx 000 0 und d | ||
| 020 | _a9788173717598 | ||
| 040 | _cAIMIT LIBRARY | ||
| 041 | _aeng | ||
| 082 |
_a005.7402 _21 _bGEHN |
||
| 100 |
_aGehani, Narain. _943396 |
||
| 245 |
_aDatabase application book using the mysql database system / _cBy Narain Gehani. |
||
| 250 | _a1st ed. | ||
| 260 |
_aNew Delhi : _bUniversities Press , _c2011. |
||
| 300 |
_ax, 293p. ; _cPB _b23.5 cm. |
||
| 650 |
_aDatabase application _943397 |
||
| 650 |
_aDatabase application architectures _943398 |
||
| 650 |
_aDatabase security _943399 |
||
| 650 |
_aJDBC _9204413 |
||
| 650 |
_aPHP _9204414 |
||
| 650 |
_aDatabase security _9204415 |
||
| 942 |
_2ddc _cBK _e1st _k005.7402 GEHN |
||
| 999 |
_c192864 _d192864 |
||